| 000 | 00433nam a2200133 a 4500 | ||
|---|---|---|---|
| 001 | 000033777 | ||
| 005 | 20200930070518.0 | ||
| 008 | 110909s1941 py 000 0 spa d | ||
| 040 |
_aDO-SdBNP _bspa _cBNPHU |
||
| 100 | 1 |
_aBaéz Allende, Amadeo _959204 |
|
| 245 | 1 | 3 |
_aEl doctor Dalmacio Velez Sarsfield y la universidad de Córdoba / _cAmadeo Baéz Allende. |
| 260 |
_aAsunción : _bImprenta Nacional, _c1941. |
||
| 300 |
_a15 p. ; _c21 cm. |
||
| 999 |
_c33268 _d33268 |
||